Word Ladder: Word Herd Quiz Stats

 Plays Quiz Updated Aug 12, 2015

Challenge
Share
Tweet
Embed
Score 0/21 Timer 03:00
0 Plays Today
Clue 4-Letter Word % Correct
There's no place like this, apparentlyHOME
97.6%
Everything before the presentPAST
96.5%
What you book at a hotelROOM
95.7%
Roll-call responseHERE
95.6%
A plant used to flavor dishesHERB
95%
It holds up a corner of a soccer goalPOST
94.9%
This type of word is a person, place or thingNOUN
94.7%
Owl exclamationHOOT
94.6%
The opposite of midnightNOON
94.6%
Comic-book style explosion soundBOOM
94.4%
Jay Leno, Ryan Seacrest, or Jon Stewart, e.g.HOST
94.4%
Clue 4-Letter Word % Correct
This type of word describes actionVERB
93.9%
This partial word helps you with a word's sourceROOT
91.5%
A beneficial and helpful godsendBOON
90.1%
Part of the oxygen-carrying molecule in the bloodHEME
89%
Word for entering your computer?PASS
88.8%
A young womanLASS
87.7%
City in Alaska where the Iditarod endsNOME
84.2%
This type of word gives titles to people and placesNAME
83.8%
Like one with a hurt legLAME
83.8%
Emit coherent lightLASE
79.2%

Today's Daily Dose

You're not logged in!

Compare scores with friends on all Sporcle quizzes.
Join for Free
OR
Log In

You Might Also Like...

Show Comments

Extras

Top Quizzes Today


Score Distribution

Your Account Isn't Verified!

In order to create a playlist on Sporcle, you need to verify the email address you used during registration. Go to your Sporcle Settings to finish the process.

Report this User

Report this user for behavior that violates our Community Guidelines.

Details: